000 00721nam a2200241Ia 4500
003 OSt
005 20220923224049.0
006 a|||||r|||| 00| 0
007 ta
008 Pun
024 _a224,573
037 _cTextual
040 _aARTS
_cARTS
_bPun
041 _2Pun
_aPun
082 _aO153,1N191x, N6
100 _aਅੰਮ੍ਰਿਤਾ ਪ੍ਰੀਤਮ
245 0 _aਦਰਵੇFਾਂ ਦੀ ਮਹਿੰਦੀ
260 _aਦਿੱਲੀ
_b ਨਾਗਮਣੀ ਪ੍ਰਕਾFਨ
_c1996
300 _a135ਪੰ
_ccm.
650 _aਪੰਜਾਬੀ ਸਾਹਿਤ
942 _hO153,1N191x, N6
_cTEXL
_2CC
999 _c368962
_d368962